Score 0/50 Timer 06:00
1 Play Today
% Correct
A Christmas Carol
97.3%
David Copperfield
92.3%
Oliver Twist
91.2%
Pride and Prejudice
88.4%
Adventures of Huckleberry Finn
86.3%
Sense and Sensibility
86.2%
The Adventures of Tom Sawyer
85.8%
Les Misérables
83.5%
War and Peace
81.5%
The Hunchback of Notre-Dame
80.1%
The Brothers Karamazov
79.9%
Anna Karenina
79.5%
The Three Musketeers
78.4%
Bleak House
78.2%
Mansfield Park
77.6%
Crime and Punishment
77%
The Count of Monte Cristo
76.3%
Northanger Abbey
74.3%
Persuasion
73.6%
A Connecticut Yankee in King Arthur's Court
73.6%
Life on the Mississippi
73.2%
The Scarlet Letter
70.3%
The Old Curiosity Shop
66.6%
Tess of the d'Urbervilles
66.4%
The Death of Ivan Ilyich
65.4%
% Correct
Far from the Madding Crowd
63.6%
The Vicomte de Bragelonne
61.3%
Middlemarch
60.1%
Jude the Obscure
54.4%
The Mayor of Casterbridge
53.2%
Pudd'nhead Wilson
52.8%
The Mill on the Floss
52.4%
Silas Marner
51.9%
The Idiot
51.5%
The House of the Seven Gables
50.6%
Adam Bede
46.1%
The Return of the Native
41.2%
Daniel Deronda
38.7%
Notes from Underground
35.8%
Young Goodman Brown
33.9%
The Last Day of a Condemned Man
30.4%
The Birth-Mark
29.7%
The Black Tulip
29.2%
The Man Who Laughs
20.2%
Twenty Years After
19.3%
Demons
17.9%
Feathertop
16.2%
Toilers of the Sea
15.9%
Resurrection
15.1%
Childhood
14.3%
Remove Ads.
Support Sporcle.
Get the best of Sporcle when you Go Orange. This ad-free experience offers more features, more stats, and more fun while also helping to support Sporcle. Thank you for becoming a member.

You're not logged in!

Compare scores with friends on all Sporcle quizzes.
OR
Log In

Show Comments

Extras

Top Quizzes Today


Score Distribution

Your Account Isn't Verified!

In order to create a playlist on Sporcle, you need to verify the email address you used during registration. Go to your Sporcle Settings to finish the process.

Report this User

Report this user for behavior that violates our Community Guidelines.

Details: